000
00234nam a22001097a 4500
999
_c
171535
_d
171535
082
_a
_b
100
_a
Bhishu Dharma Rashith
245
_a
Sootranidath/
_c
by Bhishu Dharma Rashith.
260
_a
_b
_c
650
_a
942
_c
BK